000 00450nam a2200181Ia 4500
001 18742
005 20260306171653.0
008 260306s9999||||xx |||||||||||||| ||und||
041 _aESP
082 _a658.5
_bC321 2016
100 _aCasanovas, August
_eAUT
245 0 _aLogística integral:
_blean supply chai management
260 _c2016
300 _a215 páginas :
_c23 cm.
650 _aGEN
654 _aCAN
942 _cLIB
_dJUS
_fJUS
_2ddc
_n
999 _c18742
_d18742